| 000 | 01343nam a2200337 a 4500 | ||
|---|---|---|---|
| 001 | ebr10617870 | ||
| 003 | CaPaEBR | ||
| 006 | m u | ||
| 007 | cr cn||||||||| | ||
| 008 | 130105s2012 ne a sb 001 0 eng d | ||
| 020 | _z9789460919251 (pbk.) | ||
| 020 | _z9789460919268 (hardback) | ||
| 020 | _z9789460919275 (e-book) | ||
| 040 |
_aCaPaEBR _cCaPaEBR |
||
| 035 | _a(OCoLC)819508552 | ||
| 043 | _ap------ | ||
| 050 | 1 | 4 |
_aQH320.P16 _bB56 2012eb |
| 245 | 0 | 0 |
_aBiology education for social and sustainable development _h[electronic resource] / _cedited by Mijung Kim and C.H. Diong. |
| 260 |
_aRotterdam : _bSense Publishers, _c2012. |
||
| 300 |
_axxi, 406 p. : _bill. |
||
| 504 | _aIncludes bibliographical references and index. | ||
| 533 |
_aElectronic reproduction. _bPalo Alto, Calif. : _cebrary, _d2013. _nAvailable via World Wide Web. _nAccess may be limited to ebrary affiliated libraries. |
||
| 650 | 0 |
_aBiology _xStudy and teaching _zPacific Area. |
|
| 650 | 0 |
_aBiology _xSocial aspects _zPacific Area. |
|
| 650 | 0 |
_aSustainable development _zPacific Area. |
|
| 655 | 7 |
_aElectronic books. _2local |
|
| 700 | 1 | _aKim, Mijung. | |
| 700 | 1 | _aDiong, C. H. | |
| 710 | 2 | _aebrary, Inc. | |
| 856 | 4 | 0 |
_uhttp://site.ebrary.com/lib/rucke/Doc?id=10617870 _zAn electronic book accessible through the World Wide Web; click to view |
| 999 |
_c75704 _d75704 |
||